BIBLIOTECA

SENCICO

El universo de las energías renovables / (Registro nro. 4048)

Detalles MARC
000 -LEADER
fixed length control field 01380nam a22002777a 4500
003 - CONTROL NUMBER IDENTIFIER
control field PE SENCICO BE
005 - DATE AND TIME OF LATEST TRANSACTION
control field 20251020182633.0
008 - FIXED-LENGTH DATA ELEMENTS--GENERAL INFORMATION
fixed length control field 230307b |||||||| |||| 00| 0 eng d
020 ## - INTERNATIONAL STANDARD BOOK NUMBER
International Standard Book Number 978-84-267-1776-4
040 ## - CATALOGING SOURCE
Original cataloging agency PE SENCICO BE
Transcribing agency PE SENCICO BE
041 ## - LANGUAGE CODE
Language code of text/sound track or separate title spa
082 ## - DEWEY DECIMAL CLASSIFICATION NUMBER
Classification number 333.79
Item number P45
100 1# - MAIN ENTRY--PERSONAL NAME
9 (RLIN) 763
Personal name Perales Benito, Tomás
Relator term autor
245 1# - TITLE STATEMENT
Title El universo de las energías renovables /
Statement of responsibility, etc. Tomás Perales Benito
250 ## - EDITION STATEMENT
Edition statement 1a ed.
260 ## - PUBLICATION, DISTRIBUTION, ETC.
Place of publication, distribution, etc. Bogotá :
Name of publisher, distributor, etc. Alfaomega,
-- Marcombo,
Date of publication, distribution, etc. 2014
300 ## - PHYSICAL DESCRIPTION
Extent 232 p. :
Other physical details il.,
Dimensions 24 cm.
504 ## - BIBLIOGRAPHY, ETC. NOTE
Bibliography, etc. note Bibliografía: p. 231-232.
505 0# - FORMATTED CONTENTS NOTE
Formatted contents note Cambio climático: situación y perspectivas -- Captura y aprovechamiento del CO2 -- Energías renovables: procedimientos -- Repercusiones económicas y medioambientales -- Condiciones físicas de la luz y el viento -- Procedimiento fotovoltaico -- Procedimiento eolico -- Procedimiento térmico de baja temperatura: ACS -- Procedimiento térmico de alta temperatura -- Procedimiento hidráulico y marino -- Procedimiento geotérmico -- Hidrógeno -- Biomasa -- Instrumentos de medida, análisis y gestión
650 14 - SUBJECT ADDED ENTRY--TOPICAL TERM
9 (RLIN) 531
Topical term or geographic name entry element Energías renovables
650 24 - SUBJECT ADDED ENTRY--TOPICAL TERM
9 (RLIN) 764
Topical term or geographic name entry element Energía eólica
650 24 - SUBJECT ADDED ENTRY--TOPICAL TERM
9 (RLIN) 765
Topical term or geographic name entry element Recursos energéticos renovables
650 24 - SUBJECT ADDED ENTRY--TOPICAL TERM
9 (RLIN) 766
Topical term or geographic name entry element Instalaciones fotovoltaicas
910 ## - USER-OPTION DATA (OCLC)
-- hfp
-- hfp
942 ## - ADDED ENTRY ELEMENTS (KOHA)
Source of classification or shelving scheme Dewey Decimal Classification
Koha item type Libros
Classification part 333.79
Item part P45
Existencias
Fecha de la última vez que lo usaron Número de ingreso o de inventario Pago total Signatura topográfica completa Código de barras Precio efectivo desde Tipo de documento Estado perdido Sistema de clasificación Estado dañado No es para préstamo Retirado Ubicación permanente Ubicación actual Fecha de adquisición
07/03/2023 16366   333.79/P45 BibLima24080017 07/03/2023 Libros   Dewey Decimal Classification       Biblioteca Central Lima Biblioteca Central Lima 07/03/2023